| 000 | 01054nam a22002657a 4500 | ||
|---|---|---|---|
| 005 | 20180224102455.0 | ||
| 010 | _aBAC-EN21 ENG-112023 B-663907 | ||
| 020 |
_a9789351365914 _c499.00 |
||
| 020 |
_a9789351365914 _c599.00 (AV) |
||
| 035 | _aEN-95555 | ||
| 035 | _aB-582948-963 | ||
| 035 | _aB-663907 (AV) | ||
| 037 |
_bPansy Books/Ven _adpl |
||
| 037 | _bDBAD/PUB | ||
| 082 | 0 | 0 | _a954.0072 |
| 100 | 1 | _aShourie, Arun | |
| 245 | 1 | 0 |
_aEminent historians : _btheir technology, their line, their fraud / _cby Arun Shourie |
| 260 |
_aNoida _bHarper Collins Publishers _c2014 |
||
| 270 |
_aA-53, Sector 57, Noida _bUttar Pradesh _e201301 |
||
| 300 |
_axii,388p. _c22cm(pbk) |
||
| 500 | _aIncludes index | ||
| 942 |
_2ddc _cEN _h954.0072 _mSHO |
||
| 999 |
_c89219 _d89219 |
||